| 000 | 01975nam a2200457Ii 4500 | ||
|---|---|---|---|
| 001 | DIGIBE1280 | ||
| 003 | NyNyDIG | ||
| 007 | cr ||||||||||| | ||
| 008 | 220710s2006 sp ob 001 0 spa d | ||
| 006 | m o d | ||
| 035 | _a(OCoLC)1350506975 | ||
| 040 |
_aDGITA _beng _erda _epn _cDGITA |
||
| 020 |
_a9783964565709 _qeBook _qpdf |
||
| 020 |
_z9788484892304 _qIberoamericana |
||
| 020 |
_z9783865272478 _qVervuert |
||
| 050 | 1 | 4 | _aPQ6321.C164 ebook |
| 100 | 1 |
_aCalleja, Diego, _d1638-1725?, _eauthor. |
|
| 245 | 1 | 0 |
_aSan Francisco Javier el Sol en Oriente : _bcomedia jesuĂtica del P. Diego Calleja / _cDiego Calleja ; Ignacio Arellano (ed.). |
| 264 | 1 |
_aMadrid : _bIberoamericana ; _aFrankfurt am Main : _bVervuert, _c2006. |
|
| 300 | _a1 online resource. | ||
| 336 |
_atext _btxt _2rdacontent |
||
| 337 |
_acomputer _bc _2rdamedia |
||
| 338 |
_aonline resource _bcr _2rdacarrier |
||
| 347 |
_atext file _2rdaft |
||
| 347 | _bPDF | ||
| 504 | _aIncludes bibliographical references and index. | ||
| 588 | 0 | _aOnline resource; title from PDF title page (Digitalia, viewed July 10, 2022) | |
| 600 | 1 | 0 |
_aFrancis Xavier, _cSaint, _d1506-1552 _vDrama. |
| 600 | 1 | 0 |
_aFrancis Xavier, _cSaint, _d1506-1552 _xIn literature. |
| 600 | 1 | 0 |
_aCalleja, Diego, _d1638-1725? _tGran comedia de San Francisco Javier el sol en oriente. |
| 650 | 0 |
_aJesuit drama, Spanish _xHistory and criticism. |
|
| 650 | 0 |
_aSpanish drama _yClassical period, 1500-1700 _xHistory and criticism. |
|
| 655 | 0 | _aElectronic books. | |
| 700 | 1 |
_aArellano, Ignacio, _eeditor. |
|
| 791 | 2 |
_aDigitalia (Firm), _edistributor. |
|
| 793 | 0 |
_gDigitalia eBook Collection: _aIberoamericana. |
|
| 776 | 0 | 8 |
_iPrint version: _aCalleja, Diego,1638-1725. _tSan Francisco Javier el Sol en Oriente. _dMadrid : Iberoamericana ; Frankfurt am Main : Vervuert, 2006 _z9788484892304 |
| 856 | 4 | 0 |
_3Digitalia Hispánica _uhttps://www.digitaliapublishing.com/a/112911/ |
| 910 | _aPremium collection: 2022 | ||
| 942 | _cRAA | ||
| 999 |
_c273976 _d273976 |
||